000 00438ntaaa2200169 4500
003 01
005 20251027202004.0
008 0714s1973 ag 01
040 _aAR-BaBN
_bspa
_cAR-BaBN
_eaacr
_dRIC
082 _a260.6000 D58
100 _aDillard, James Edgar
_918471
245 _aWe Southern Baptists - 1937-8.
250 _a1 ed. :
_bSouthern Baptist Convention,
_cn.f.
300 _a64 p.
650 _aBautistas
_914480
942 _cBK
999 _c14623
_d14623